Fundamentals of physics. vol.II /
Na minha lista:
| Autor principal: | |
|---|---|
| Outros Autores: | , |
| Formato: | Sách giấy |
| Publicado em: |
New York :
Wiley,
2001
|
| Edição: | 6th ed., extended |
| Assuntos: | |
| Acesso em linha: | Table of Contents Publisher description |
| Tags: |
Adicionar Tag
Sem tags, seja o primeiro a adicionar uma tag!
|
| Thư viện lưu trữ: | Thư viện Trường Đại học Đà Lạt |
|---|
| LEADER | 01275nam a2200409 4500 | ||
|---|---|---|---|
| 001 | DLU060057083 | ||
| 005 | ##20061201 | ||
| 008 | ##000225s2001 nyua 001 0 eng | ||
| 010 | # | # | |a 00027365 |
| 020 | # | # | |a 0471332356 (v. 1 : acid-free paper) |
| 020 | # | # | |a 0471332364 (set : acid-free paper) |
| 020 | # | # | |a 0471360376 (v. 2 : acid-free paper) |
| 040 | # | # | |a DLC |c DLC |d DLC |
| 050 | # | # | |a QC21.2 |b .H35 2001 |
| 082 | # | # | |a 530 |b HA-D |
| 100 | # | # | |a Halliday, David, |d 1916- |
| 245 | # | # | |a Fundamentals of physics. |n vol.II / |c David Halliday, Robert Resnick, Jearl Walker. |
| 250 | # | # | |a 6th ed., extended |
| 260 | # | # | |a New York : |b Wiley, |c 2001 |
| 300 | # | # | |a xv, 310 p. : |b ill. (some col.) ; |c 26 cm |
| 500 | # | # | |a Includes index |
| 650 | # | # | |a Physics. |
| 700 | # | # | |a Resnick, Robert, |d 1923- |
| 700 | # | # | |a Walker, Jearl, |d 1945- |
| 856 | # | # | |3 Table of Contents |u http://www.loc.gov/catdir/toc/onix05/00027365.html |
| 856 | # | # | |3 Publisher description |u http://www.loc.gov/catdir/description/wiley041/00027365.html |
| 923 | # | # | |a 30/2006 |
| 990 | # | # | |a Vol.II |
| 992 | # | # | |a 16.500 |
| 994 | # | # | |a DLU |
| 900 | # | # | |a True |
| 911 | # | # | |a Đào Thị Thu Huyền |
| 925 | # | # | |a G |
| 926 | # | # | |a A |
| 927 | # | # | |a SH |
| 980 | # | # | |a Thư viện Trường Đại học Đà Lạt |


